000 00602nam a2200241 a 4500
001 nice12345678
003 IN_TiNIC
005 20260116013834.0
008 050524s1989 dela grp 000 0 eng
020 _a
_c250
082 0 0 _a340.59
_bAJI1
100 _aAjijola, A D
245 _aIntroduction to Islamic Law
260 _aDelhi
_bInternational Islamic Publisher
_c1989
300 _a410p
500 _aincludes index and biblioraphy
505 2 _aSelected Bibliography, Index
650 _aIslamic-Law
700 1 _aAjijola, A D
902 _bSRS
942 _cBK
999 _c12758
_d12758